El libro de las estaciones = (Record no. 16199)
[ view plain ]
| 000 -LEADER | |
|---|---|
| fixed length control field | 00769cam a2200253ua 4500 |
| 001 - CONTROL NUMBER | |
| control field | z9bblp b1320374 |
| 003 - CONTROL NUMBER IDENTIFIER | |
| control field | FLC |
| 005 - DATE AND TIME OF LATEST TRANSACTION | |
| control field | 20160913140823.0 |
| 008 - FIXED-LENGTH DATA ELEMENTS--GENERAL INFORMATION | |
| fixed length control field | 000415s1982 nyua j 000 0 eng d |
| 010 ## - LIBRARY OF CONGRESS CONTROL NUMBER | |
| LC control number | 81013821 |
| 020 ## - INTERNATIONAL STANDARD BOOK NUMBER | |
| International Standard Book Number | 0590632051 (paper) |
| 040 ## - CATALOGING SOURCE | |
| Original cataloging agency | MDE |
| Transcribing agency | sjds |
| 041 ## - LANGUAGE CODE | |
| Language code of text/sound track or separate title | spa |
| 082 ## - DEWEY DECIMAL CLASSIFICATION NUMBER | |
| Edition number | 19 |
| Classification number | 574.5/43 |
| 100 1# - MAIN ENTRY--PERSONAL NAME | |
| Personal name | Provensen, Alice. |
| 245 10 - TITLE STATEMENT | |
| Title | El libro de las estaciones = |
| Remainder of title | a book of the seasons / |
| Statement of responsibility, etc. | Alice and Martin Provensen ; translated into Spanish by Pilar de Cuenca and In©♭s Alvarez. |
| 260 ## - PUBLICATION, DISTRIBUTION, ETC. (IMPRINT) | |
| Place of publication, distribution, etc. | New York : |
| Name of publisher, distributor, etc. | Scholastic, |
| Date of publication, distribution, etc. | c1982. |
| 300 ## - PHYSICAL DESCRIPTION | |
| Extent | 1 volume (unpaged) |
| 521 ## - TARGET AUDIENCE NOTE | |
| Target audience note | RL1 004-007 |
| 650 #0 - SUBJECT ADDED ENTRY--TOPICAL TERM | |
| Topical term or geographic name as entry element | Seasons |
| Form subdivision | Juvenile literature. |
| 700 1# - ADDED ENTRY--PERSONAL NAME | |
| Personal name | Provensen, Martin. |
| 740 02 - ADDED ENTRY--UNCONTROLLED RELATED/ANALYTICAL TITLE | |
| Uncontrolled related/analytical title | Book of the seasons. |
| 942 ## - ADDED ENTRY ELEMENTS (KOHA) | |
| Source of classification or shelving scheme | Dewey Decimal Classification |
| Koha item type | Libro/Book |
| Withdrawn status | Lost status | Damaged status | Not for loan | Home library | Current library | Date acquired | Inventory number | Total Checkouts | Full call number | Barcode | Date last seen | Price effective from | Koha item type |
|---|---|---|---|---|---|---|---|---|---|---|---|---|---|
| Capulin -- Satellite | Capulin -- Satellite | 13/09/2016 | Inventory date: 7/7/25 | 574.5/43 | 35100773 | 13/09/2016 | 13/09/2016 | Libro/Book |